Charakteristika a oceňovanie dlhodobého hmotného majetku v súlade s národnou legislatívou a IFRS bakalárska práca

Saved in:
Bibliographic Details
Main Author: Hirner, David
Corporate Author: Fakulta hospodárskej informatiky EU. Katedra účtovníctva a audítorstva
Other Authors: Bednárová, Beáta
Format: Book
Language:Slovak
Published: Bratislava 2014
Tags: Add Tag
No Tags, Be the first to tag this record!

MARC

LEADER 00000nbm a2200000 4500
001 0189790
005 20170201111532.2
041 0 |a slo 
044 |a SK 
245 1 0 |a Charakteristika a oceňovanie dlhodobého hmotného majetku v súlade s národnou legislatívou a IFRS  |b bakalárska práca  |c David Hirner ; školiteľ: Beáta Bednárová 
264 1 |a Bratislava  |c 2014 
300 |a 38 s. 
100 1 |a Hirner, David 
700 1 |a Bednárová, Beáta 
710 2 |a Fakulta hospodárskej informatiky EU. Katedra účtovníctva a audítorstva